| 000 | 00435nam a22001577a 4500 | ||
|---|---|---|---|
| 999 |
_c17297 _d17297 |
||
| 008 | 181018b xxu||||| |||| 00| 0 eng d | ||
| 020 | _a1847063670 | ||
| 040 |
_aKABU _cKABU |
||
| 050 |
_aP121 _b.M34 2009 c. 1 |
||
| 100 | _aMcGregor, William B. | ||
| 245 |
_aLinguistics _ban introduction _cWilliam B. McGregor |
||
| 260 |
_aLondon _bBloomsbury _c2009 |
||
| 300 | _axx, 384 p. | ||
| 650 | _aLinguistics | ||
| 942 |
_2lcc _cBK _hP121 |
||